00928nam a2200229 a 4500001001000000003000500010005001700015008004100032010001100073011001100084040000900095100003300104245017600137260004100313500006000354502008700414650004100501650003300542650002800575650002500603856007000628000111806CHAP20220329144229.0150817s2015 mx a fsm |||||||spa d a108267 a109239 cCHAP1 aSerrano Ramírez, Elizabeth10aAnálisis de la conectividad para bosques templado en tres áreas naturales protegidas del eje neovolcánico transversalh[En línea]cpor Elizabeth Serrano Ramírez. aChapingo, Méx. :bEl autor,c2015. aPara ver el contenido del material haga clic en la liga aTesis (Ing. en Restauración Forestal) -- UACH. División de Ciencias Forestales14aÁreas protegidaszMéxico (Edo.).14aBosquesxRegiones templadas.14aBosquesxUtilización.14aEcología forestal. aFinding aiduhttp://10.13.5.2/tesis/sist111806.pdfzTeclea aquí